Каталог на българските пощенски марки 1879 - 2004 (Запис номер 62314)
[ съкратено ]
| 000 -Лидер | |
|---|---|
| Контролно поле с фиксирана дължина | 01441nam a2200361 c 4500 |
| 003 - Код на организацията, давaща контролен номер | |
| Контролно поле | BLK |
| 005 - Дата и час на последна редакция | |
| Контролно поле | 20240521134042.0 |
| 008 - Елементи от данни с фиксирана дължина | |
| fixed length control field | 180408b bul|||||r ||||||| ||bul|| |
| 010 ## - Наследен системен номер | |
| LC control number | KNG00066530000 |
| 020 ## - Международен стандартен номер на книга ISBN | |
| Международен стандартен номер на книга ISBN | 954-90666-7-3 |
| -- | издат.: Булфила |
| 040 ## - Източник на каталожния запис | |
| Идентификатор на билиотеката - собственик на записа | BLK |
| 041 ## - Код за език | |
| Код за езика на текст/звукозапис или на отделно заглавие | Български |
| Код за езика КДБФ | Български |
| 080 ## - УДК | |
| Текстов определител УДК | Предплащане на пощенски услуги. Франкировка. Пощенски марки. Филателия |
| УДК код - определител по УДК | 656.835 |
| УДК определител | (497.2) |
| УДК - код + определител | 656.835(497.2) |
| 139 ## - Редно поле | |
| Редна дума | Каталог на българските пощенски марки 1879 - 2004 |
| Авторски знак | Кат - К 46 |
| 245 10 - Сведения за заглавието | |
| Заглавие | Каталог на българските пощенски марки 1879 - 2004 |
| Редно поле (дума) | състав. Димитър Тотев Монев. |
| 250 ## - Област на изданието | |
| Сведения за изданието | 4. доп. изд. |
| 257 ## - Страна на издаване | |
| Страна на създаване/издаване | България |
| 260 ## - Област на издателските данни | |
| -- | София |
| Име на издателя, разпространителя и проч. | Булфила |
| Година на издаване | 2004 |
| 300 ## - Физическа характеристика | |
| Страници | 165 с. |
| Илюстрации и др. | с ил. |
| Размери/Мащаб | 24 см |
| 380 ## - Жанр | |
| Жанр | Техника |
| 500 ## - Общи забележки | |
| Забележка | 1. изд. 1996 в 2 ч. - В кн. означено 3. изд. |
| 650 #4 - Допълнително описание по предмет – тема | |
| Основно описание – тема или топоним | Пощенски марки - България - каталози |
| 9 (RLIN) | 258614 |
| 653 ## - Ключова дума – ненормативна | |
| Ключова дума | пощенски марки |
| 653 ## - Ключова дума – ненормативна | |
| Ключова дума | България |
| 653 ## - Ключова дума – ненормативна | |
| Ключова дума | каталози |
| 700 1# - Други автори (авторска отговорност) | |
| Лично име | Монев, Димитър Тотев |
| Автороска отговорност (Описва отношението между автора и произведението) | състав. |
| 9 (RLIN) | 273098 |
| 852 ## - Местоположение | |
| Форматна сигнатура | Цб 228162 |
| 856 4# - Електронен адрес и достъп | |
| Електронен формат | pdf - файл |
| Път до файла /url/ | |
| 856 4# - Електронен адрес и достъп | |
| Електронен формат | pdf - файл |
| Път до файла /url/ | |
| 942 ## - АРТИКУЛИ | |
| Вид на библиотечния материал | Книги |
| Скрит в OPAC | Не |
| Koha issues (borrowed), all copies | 1 |
| 944 ## - СЪЗДАВАНЕ И РЕДАКЦИЯ на ЗАПИСА | |
| Създаване/Редакция | Създаване |
| Дата на регистрацията/редакция | 21.06.2006 |
| Служител, извършил регистрацията/редакцията | 30558 |
| Статус, дата на статуса | Валя Йорданова |
| 944 ## - СЪЗДАВАНЕ И РЕДАКЦИЯ на ЗАПИСА | |
| Създаване/Редакция | Редакция |
| Дата на регистрацията/редакция | 27.02.2013 |
| Служител, извършил регистрацията/редакцията | |
| 999 ## - СИСТЕМНИ КОНТРОЛНИ НОМЕРА | |
| Koha biblionumber | 62314 |
| Koha biblioitemnumber | 62314 |
| Код за отписване | Код за изгубен артикул | Код за повреда | Коз за рестрикции | Код за отдаване | Артикулен № | Име на библиотеката - собственик | Име на библиотеката, в която се намира в момента | Статус (Текущо местоположение) | Дата на вписване в системата | Местоположение - отдел | Цена в лева | Инвентарен номер | Систематично азбучна сигнатура | Баркод | Номер на екземпляра | Цена в евро | Служебна бележка | Служебен тип на артикула |
|---|---|---|---|---|---|---|---|---|---|---|---|---|---|---|---|---|---|---|
| Не е изгубен | Не е повреден | без рестрикции | ползва се в читалня | 103561 | Регионална библиотека "Любен Каравелов" Русе | Регионална библиотека "Любен Каравелов" Русе | Хранилище | 2006-06-21 | Хранилище | 10.00 | 120000703212 | Цб 228162 | 120000703212 | 1 | 5.11 | Дост: Dp Вид: Д N: 25 Дата: 08.06.2005 | Книги | |
| Не е изгубен | Не е повреден | без рестрикции | ползва се в читалня | 103562 | Регионална библиотека "Любен Каравелов" Русе | Регионална библиотека "Любен Каравелов" Русе | Читалня | 2008-12-12 | Читалня | 10.00 | 120000732124 | Ч 656/К 46 | 120000732124 | 2 | 5.11 | Дост: Pk Вид: Ф N: 11856 Дата: 09.12.2008 Дата инв: 23.03.2017 Бележки инв: Ч2017 | Книги |